Sistema de contabilidad para los proveedores de almuerzo escolar del municipio de Fantino/ Luis Bautista Polonia, Denise Rodríguez Rodríguez, María del Carmen Morales de Jesús ; asesor Juan Francisco Núñez (Registro nro. 19117)
[ vista simple ]
| 000 -LEADER | |
|---|---|
| fixed length control field | 00993nam a22002171a 4500 |
| 001 - CONTROL NUMBER | |
| control field | 19117 |
| 003 - CONTROL NUMBER IDENTIFIER | |
| control field | OSt |
| 005 - DATE AND TIME OF LATEST TRANSACTION | |
| control field | 20260204212438.0 |
| 008 - FIXED-LENGTH DATA ELEMENTS--GENERAL INFORMATION | |
| fixed length control field | 190318s2019||||dr ||||||b||||||||||spa|| |
| 090 ## - LOCALLY ASSIGNED LC-TYPE CALL NUMBER (OCLC); LOCAL CALL NUMBER (RLIN) | |
| Classification number (OCLC) (R) ; Classification number, CALL (RLIN) (NR) | CON 2018 B18 |
| 100 1# - ASIENTO PRINCIPAL -- NOMBRE PERSONAL | |
| Personal name | Bautista Polonia, Luis |
| Relator term | sustentante |
| 245 1# - TÍTULO PROPIAMENTE DICHO: SUBTÍTULO | |
| Title | Sistema de contabilidad para los proveedores de almuerzo escolar del municipio de Fantino/ Luis Bautista Polonia, Denise Rodríguez Rodríguez, María del Carmen Morales de Jesús ; asesor Juan Francisco Núñez |
| 260 ## - PUBLICATION, DISTRIBUTION, ETC. | |
| Place of publication, distribution, etc. | Cotuí, República Dominicana : |
| Name of publisher, distributor, etc. | UTECO, |
| Date of publication, distribution, etc. | 2018 |
| 300 ## - PHYSICAL DESCRIPTION | |
| Extensión | 65 hojas |
| 502 ## - THESIS NOTE | |
| Dissertation note | Trabajo de grado (Licenciatura en contabilidad)--Universidad Tecnológica del Cibao Oriental, 2018. <br/> |
| 650 #4 - ASIENTO SECUNDARIO DE MATERIA -- TERMINO TOPICO | |
| Asiento secundario de materia | Sistema de contabilidad para los proveedores |
| 700 1# - ASIENTO SECUNDARIO -- NOMBRE PERSONAL | |
| Personal name | Morales de Jesús, María del Carmen |
| Relator term | sustentante |
| 700 1# - ASIENTO SECUNDARIO -- NOMBRE PERSONAL | |
| Personal name | Núñez, Juan Francisco |
| Relator term | asesor |
| 830 ## - ASIENTO SECUNDARIO DE SERIE - TÍTULO UNIFORME | |
| Uniform title | Tesis y disertaciones académicas (Universidad Tecnológica del Cibao Oriental) |
| 942 ## - ADDED ENTRY ELEMENTS (KOHA) | |
| Source of classification or shelving scheme | Clasificación Local |
| Koha item type | Tesis |
| Withdrawn status | Lost status | Source of classification or shelving scheme | Damaged status | Not for loan | Collection code | Home library | Current library | Shelving location | Date acquired | Inventory number | Total Checkouts | Full call number | Barcode | Date last seen | Copy number | Price effective from | Koha item type |
|---|---|---|---|---|---|---|---|---|---|---|---|---|---|---|---|---|---|
| Clasificación Local | Préstamo Interno | Trabajos de Grado e Investigación | Biblioteca UTECO | En Estantería | 09/09/2019 | CT-2019-008 | CON 2018 B18 | CT-2019-008 | 09/09/2019 | Ej.1 | 09/09/2019 | Tesis |
